Ekonometrický model československé obchodní bilance
Guardado en:
| Autor principal: | |
|---|---|
| Otros Autores: | |
| Formato: | Libro |
| Lenguaje: | checo |
| Publicado: |
Praha
Academia
1985
|
| Colección: | Rozpravy ČSAV
|
| Etiquetas: |
Sin Etiquetas, Sea el primero en etiquetar este registro!
|
MARC
| LEADER | 00000nam a2200000 4500 | ||
|---|---|---|---|
| 001 | c109277 | ||
| 005 | 20240417120156.2 | ||
| 041 | 0 | |a cze | |
| 044 | |a CZ | ||
| 245 | 1 | 0 | |a Ekonometrický model československé obchodní bilance |c Vladimír Dlouhý, Karel Dyba |
| 264 | 1 | |a Praha |b Academia |c 1985 | |
| 300 | |a 101 s. | ||
| 490 | 1 | |a Rozpravy ČSAV | |
| 830 | 0 | |a Rozpravy ČSAV | |
| 100 | 1 | |a Dlouhý, Vladimír | |
| 700 | 1 | |a Dyba, Karel | |